00378nam a2200133Ia 450000500170000000800410001702000230005804000140008108200170009510000180011224500210013026000500015130000430020120240408115430.0221021s9999 xx 000 0 und d a9780778795247qpbk aRDAc3228 aJ 636.7 KALM aKalman Bobbie 0aMy dog likes me  aNew York:bCrabtree Publishing company,c2011 a16 PagesbColur illustrationsc20.5 cm